Future Markets in biology: life after bioprospecting /

Wedi'i Gadw mewn:
Manylion Llyfryddiaeth
Prif Awdur: Dorsey, Michael K.
Fformat: Texto
Pynciau:
Tagiau: Ychwanegu Tag
Dim Tagiau, Byddwch y cyntaf i dagio'r cofnod hwn!

MARC

LEADER 00000 a a2200000 04500
001 10053
003
040
100 |a Dorsey, Michael K.  
245 |a Future Markets in biology:   |b life after bioprospecting /  |c Michael K. Dorsey 
650 |a INDUSTRIA FARMACEUTICA  
650 |a RECURSOS NATURALES  
650 |a MEDICAMENTOS  
650 |a INVESTIGACION BIOMEDICA  
650 |a PRODUCTOS FARMACEUTICOS  
650 |a COSTA RICA  
773 |g volumen 39, número 5; páginas 31-34  
999 |c 31669  |d 31669